000 00794nas a2200277 4500
001 BR0706974
003 BR-BrBNA
005 20231205111328.0
007 ta
008 230509b bl.|||p| |||| 00| 00por d
040 _aBR-BrBNA
_bpor
_cBiblioteca Nacional de Agricultura
041 _a(Pt)
072 _aL73
100 1 _aLobato, F.C.F.
100 1 _aAssis, R.A.
100 1 _aAbreu, M.F.
100 1 _aSouza Junior, M.F.
100 1 _aLima, C.G.R.D.
100 1 _aSalvarani, F.M.
245 1 _aEnterotoxemia em bovino
650 _aBOVINO
650 _aENTEROTOXEMIA
773 0 _tArquivo Brasileiro de Medicina Veterinária e Zootecnia (Brazil)
_xISSN 0102-0935
_g(2006), v. 58(5) p. 952-954
_wBR0706974
909 _a202311
_bLúcia
_c55
_dLúcia Elande
942 _2AGRIS
_n0
_cANA
999 _c192076
_d192076